|
|
|
|
| LEADER |
01411nam a22003252a 4500 |
| 001 |
000098595 |
| 003 |
CZ BrMZK |
| 005 |
20100721141123.0 |
| 007 |
ta |
| 008 |
960707s1983 xr f cze d |
| 015 |
|
|
|a cnb000021302
|
| 035 |
|
|
|a (OCoLC)39599943
|
| 040 |
|
|
|a BOA001
|b cze
|
| 100 |
1 |
|
|a Augusta, Pavel,
|d 1943-
|7 jk01010424
|4 aut
|
| 245 |
1 |
0 |
|a Tajemství přesnosti /
|c Pavel Augusta, Jindřich Klůna
|
| 250 |
|
|
|a 1. vyd.
|
| 260 |
|
|
|a Praha :
|b Albatros,
|c 1983
|
| 300 |
|
|
|a 279 s.
|
| 521 |
8 |
|
|a Pro čtenáře od 12 let
|
| 700 |
1 |
|
|a Klůna, Jindřich,
|d 1942-
|7 jk01060716
|4 aut
|
| 856 |
4 |
1 |
|u http://www.digitalniknihovna.cz/mzk/uuid/uuid:a42edc40-d4c0-11e2-ac27-005056827e52
|y Digitalizovaný dokument
|x NDK
|
| 910 |
|
|
|a BOA001
|b PK-0098.064
|b 2-0874.966
|
| 964 |
|
|
|a Metrologie - výklady populární pro mládež
|
| 964 |
|
|
|a Vědci vynikající - výklady populární pro mládež
|
| 964 |
|
|
|a Jednotky fyzikální - výklady populární pro mládež
|
| 990 |
|
|
|a BK
|
| 996 |
6 |
|
|b 2619319471
|c 2-0874.966
|l MZK
|r Sklad / do 1 hodiny
|n 0
|w 000098595
|u 000030
|a 1
|e BOA001
|j MZK50
|s P
|
| 996 |
7 |
|
|b 2619319472
|c 2-0874.966
|l MZK
|r Sklad / do 1 hodiny
|n 0
|w 000098595
|u 000040
|a 1
|e BOA001
|j MZK50
|s A
|
| 996 |
7 |
|
|b 3119958329
|c PK-0098.064
|l MZK
|r Sklad / do 1 hodiny
|n 1
|w 000098595
|u 000020
|a 1
|e BOA001
|j MZK50
|s A
|
| 996 |
7 |
|
|b 3119965271
|c PK-0098.064
|l MZK
|r Sklad / do 1 hodiny
|n 1
|w 000098595
|u 000010
|a 1
|e BOA001
|j MZK50
|s A
|